Practical statistics for experimental biologist

Đã lưu trong:
书目详细资料
主要作者: Alastair C. Wardlaw
格式: 图书
语言:Undetermined
出版: Chichester, Eng John Wiley and Sons 2000
主题:
标签: 添加标签
没有标签, 成为第一个标记此记录!
Thư viện lưu trữ: Trung tâm Học liệu Trường Đại học Cần Thơ
LEADER 00558nam a2200193Ia 4500
001 CTU_67511
008 210402s9999 xx 000 0 und d
082 |a 570.727 
082 |b W266 
100 |a Alastair C. Wardlaw 
245 0 |a Practical statistics for experimental biologist 
245 0 |c Alastair C. Wardlaw 
260 |a Chichester, Eng 
260 |b John Wiley and Sons 
260 |c 2000 
650 |a biometry,biology, experimental 
650 |x statistical methods 
904 |i Minh 
980 |a Trung tâm Học liệu Trường Đại học Cần Thơ